Vplyv investícií na zamestnanosť v priemysle na Slovensku

Stav nezamestnanosti v Slovenskej republike počas finančnej krízy. Regionálna podpora strategických investícií. Poskytovanie investičných stimulov. Prehľad schválených investičných stimulov (2001-2007). Novovytvorené pracovné miesta v rokoch 2002-2008 podľa krajov.

Enregistré dans:
Détails bibliographiques
Auteur principal: Mišúnová, Ema
Format: Chapitre de livre
Langue:slovaque
Sujets:
Tags: Ajouter un tag
Pas de tags, Soyez le premier à ajouter un tag!

MARC

LEADER 00000nla$a2200000$$$4500
001 0107810
005 20240613064959.0
041 0 |a slo 
044 |a SK 
245 1 0 |a Vplyv investícií na zamestnanosť v priemysle na Slovensku  |c Ema Mišúnová 
520 |a Stav nezamestnanosti v Slovenskej republike počas finančnej krízy. Regionálna podpora strategických investícií. Poskytovanie investičných stimulov. Prehľad schválených investičných stimulov (2001-2007). Novovytvorené pracovné miesta v rokoch 2002-2008 podľa krajov. 
610 2 0 |a investície finančné 
610 2 0 |a financovanie 
610 2 0 |a podpora štátna 
610 2 0 |a stimuly ekonomické 
610 2 0 |a zamestnanosť 
610 2 0 |a nezamestnanosť 
610 2 0 |a kraje 
610 2 0 |a regióny 
610 2 0 |a priemysel 
610 2 0 |a Slovensko 
100 1 |a Mišúnová, Ema